[Event "Gallego-ch U18"]
[Site "Pontedeume A Coruna"]
[Date "2010.02.13"]
[Round "1.11"]
[White "Lopez Grana, Carmen"]
[Black "Oro Cuello, Anton"]
[Result "1-0"]
[WhiteElo "1794"]
[BlackElo "1298"]
[PlyCount "71"]
[EventDate "2010.02.13"]
[EventType "swiss"]
[EventRounds "8"]
[EventCountry "ESP"]
[SourceTitle "EXT 2024"]
[Source "ChessBase"]
[SourceDate "2023.10.10"]
[SourceVersion "1"]
[SourceVersionDate "2023.10.10"]
[SourceQuality "1"]

1. e4 e5 2. Nf3 Nc6 3. Bb5 Bc5 4. d3 Nf6 5. h3 h6 6. Nbd2 a6 7. Ba4 b5 8. Bb3 d5 9. Qe2 Be6 10. c3 d4 11. Nf1 Qd6 12. Ng3 g6 13. Bc2 Rb8 14. 0-0 Qd7 15. Kh1 g5 16. Nh2 Ke7 17. Bb3 Rbg8 18. Bxe6 Qxe6 19. Nf5+ Kd7 20. b4 Be7 21. a4 Qb3 22. axb5 axb5 23. cxd4 Nxd4 24. Nxd4 exd4 25. e5 Nd5 26. Qg4+ Ke8 27. Ra8+ Bd8 28. Qxd4 Rg6 29. Ra3 Qxb4 30. Qxd5 g4 31. Nxg4 Rhg8 32. Ra8 Qe7 33. Nf6+ Rxf6 34. exf6 Qxf6 35. Re1+ Kf8 36. Rxd8+ 1-0